On the Use of Stochastic Processes in Modeling Reliability Problems

Salvato in:
Dettagli Bibliografici
Autore principale: Birolini, Alessandro
Natura: Libro
Lingua:inglese
Pubblicazione: Berlin Springer 1985
Edizione:1. ed.
Serie:Lecture Notes in Economics and Mathematical Systems 252
Tags: Aggiungi Tag
Nessun Tag, puoi essere il primo ad aggiungerne!!

MARC

LEADER 00000nam a2200000 4500
001 c031930
005 20221220082048.8
041 0 |a eng 
044 |a DE 
245 1 0 |a On the Use of Stochastic Processes in Modeling Reliability Problems  |c Alessandro Birolini 
250 |a 1. ed. 
264 1 |a Berlin  |b Springer  |c 1985 
300 |a 105 s. 
490 1 |a Lecture Notes in Economics and Mathematical Systems  |v 252 
830 0 |a Lecture Notes in Economics and Mathematical Systems  |v 252 
100 1 |a Birolini, Alessandro